Education in Germany, (Record no. 21653)

MARC details
000 -LEADER
fixed length control field 01140cam a22002531 4500
001 - CONTROL NUMBER
control field e 39000153
003 - CONTROL NUMBER IDENTIFIER
control field DLC
005 - DATE AND TIME OF LATEST TRANSACTION
control field 20260227111228.0
008 - FIXED-LENGTH DATA ELEMENTS--GENERAL INFORMATION
fixed length control field 800211s1939 dcuae b f000 0 eng c
010 ## - LIBRARY OF CONGRESS CONTROL NUMBER
LC control number e 39000153
035 ## - SYSTEM CONTROL NUMBER
System control number (OCoLC)5970546
040 ## - CATALOGING SOURCE
Original cataloging agency U.S. Office of Education. Library
Transcribing agency ICSU
Modifying agency OCoLC
-- DLC
043 ## - GEOGRAPHIC AREA CODE
Geographic area code e-gx---
050 00 - LIBRARY OF CONGRESS CALL NUMBER
Classification number L111
Item number .A6 1938, no. 15
051 ## - LIBRARY OF CONGRESS COPY, ISSUE, OFFPRINT STATEMENT
Classification number LA722
Item number .L72
100 1# - MAIN ENTRY--PERSONAL NAME
Personal name Lindegren, Alina Marie,
Dates associated with a name 1887-
245 10 - TITLE STATEMENT
Title Education in Germany,
Statement of responsibility, etc. by Alina M. Lindegren, Specialist in Western European Education. United States Department of the Interior, Harold L. Ickes, Secretary. Office of Education, J. W. Studebaker, Commissioner.
260 ## - PUBLICATION, DISTRIBUTION, ETC.
Place of publication, distribution, etc. Washington,
Name of publisher, distributor, etc. U.S. Govt. Print. Off.,
Date of publication, distribution, etc. 1939.
300 ## - PHYSICAL DESCRIPTION
Extent xii, 145 p.
Other physical details illus., plans, tables.
Dimensions 23 cm.
490 0# - SERIES STATEMENT
Series statement U. S. Office of Education. Bulletin 1938,
Volume/sequential designation no. 15
501 ## - WITH NOTE
With note Copies 1 and 2 of L111.A6 with: Local school unit organization in ten states / Henry F. Alves. Washington : U.S. Govt. Print. Off., 1939. Bound together subsequent to publication.
Institution to which field applies DLC
504 ## - BIBLIOGRAPHY, ETC. NOTE
Bibliography, etc. note Bibliography: p. 143-145.
650 #0 - SUBJECT ADDED ENTRY--TOPICAL TERM
Topical term or geographic name entry element Education
Geographic subdivision Germany.

No items available.

Powered by Koha